Tratado general de filosofía del derecho./ (Registro nro. 9636)
[ vista simple ]
| 000 -LEADER | |
|---|---|
| fixed length control field | 02261nam a2200193Ia 4500 |
| 005 - FECHA Y HORA DE LA ÚLTIMA TRANSACCIÓN | |
| control field | 20250626101739.0 |
| 008 - FIXED-LENGTH DATA ELEMENTS--GENERAL INFORMATION | |
| fixed length control field | 231003s9999 xx 000 0 und d |
| 020 ## - INTERNATIONAL STANDARD BOOK NUMBER | |
| International Standard Book Number | 9700744728 |
| 040 ## - CATALOGING SOURCE | |
| Original cataloging agency | UPAN |
| Transcribing agency | Biblioteca San Vicente |
| Description conventions | RCAA4 |
| 041 ## - LANGUAGE CODE | |
| Language code of text/sound track or separate title | spa |
| 082 ## - DEWEY DECIMAL CLASSIFICATION NUMBER | |
| Classification number | 340.1 |
| Item number | R433t |
| año de publicación | 2003 |
| 100 ## - MAIN ENTRY--PERSONAL NAME | |
| Personal name | Recásens Siches, Luis |
| Relator code | aut- |
| 245 #0 - TITLE STATEMENT | |
| Title | Tratado general de filosofía del derecho./ |
| Statement of responsibility, etc | Luis Recásens Siches |
| 250 ## - EDITION STATEMENT | |
| Edition statement | 17° ed. |
| 260 ## - PUBLICATION, DISTRIBUTION, ETC. (IMPRINT) | |
| Place of publication, distribution, etc | México |
| Name of publisher, distributor, etc | Porrua |
| Date of publication, distribution, etc | 2003 |
| 300 ## - PHYSICAL DESCRIPTION | |
| Extent | 717 p. |
| Dimensions | 24 cm. |
| 505 ## - FORMATTED CONTENTS NOTE | |
| Formatted contents note | Capitulo Uno. Ciencia jurídica y filosofía del derecho.<br/>Capitulo Dos. El universo, la vida humana, la sociedad y el derecho.<br/>Capitulo Tres. Que clase de realidad es el derecho y los diversos estudios sobre este.<br/>Capitulo Cuatro. El uso como manifestación del diversos tipos de normas.<br/>Capitulo Cinco. La diferencia entre derecho y moral.<br/>Capitulo Seis. Las reglas del trato social y su diferenciación de las normas morales y de las normas jurídicas.<br/>Capitulo Siete. Derecho y arbitrariedad.<br/>Capitulo Ocho. Las funciones del derecho en la vida social.<br/>Capitulo Nueve. El derecho subjetivo.<br/>Capitulo Diez. El deber jurídico.<br/>Capitulo Once. Persona y personalidad. La persona humana individual. La personalidad social del individuo y de los grupos. La personalidad jurídica del individuo y de las colectividades.<br/>Capitulo Doce. El orden jurídico vigente. Sus componentes sus fuentes. Su sistema. El cumplimiento y a la aplicación jurisdiccional del derecho.<br/>Capitulo Trece. Estado y derecho.<br/>Capitulo Catorce. Necesidad de la estimativa jurídica.<br/>Capitulo Quince. El fundamento radical del conocimiento estimativo sobre el derecho.<br/>Capitulo Dieciséis. El problema sobre el carácter del "A priori estimativo": ¿Subjetivo u objetivo?.<br/>Capitulo Diecisiete. La historicidad de los ideales jurídicos valores e historia en la vida humana.<br/>Capitulo Dieciocho. La justicia y la valoración jurídica.<br/>Capitulo Diecinueve. Humanismo (personalismo) y antihumanismo (transpersonalismo).<br/>Capitulo Veinte. Principios fundamentales de estimativa jurídica. Los derechos del hombre. El bienestar general. Los postulados de una convivencia y cooperación justas.<br/>Capitulo Veintiuno. La interpretación del derecho. |
| 942 ## - ADDED ENTRY ELEMENTS (KOHA) | |
| Koha item type | Libros |
| Source of classification or shelving scheme | Dewey Decimal Classification |
| Withdrawn status | Lost status | Source of classification or shelving scheme | Damaged status | Not for loan | Collection code | Home library | Current library | Date acquired | Total Checkouts | Full call number | Barcode | Date last seen | Price effective from | Koha item type |
|---|---|---|---|---|---|---|---|---|---|---|---|---|---|---|
| Dewey Decimal Classification | Colección General | Biblioteca UPAN San Vicente | Biblioteca UPAN San Vicente | 03/10/2023 | 340.1 R433t | 12000497 | 03/10/2023 | 03/10/2023 | Libros |